=LDR 00000nam 2200000 4500 =001 INLIS000000000003037 =005 20250218030935 =035 ##$$a 0010-0225000327 =007 ta =008 250218###########################0#ind## =020 ##$$a - =082 ##$$a 304.66 =084 ##$$a 304.66 BAD b =245 1#$$a Buku Saku : $b Gerakan Kelurga Berencana Nasional Propinsi Bali /$c Badan Kependudukan dan Keluarga Berencana Nasional (Penulis) =250 ##$$a - =260 ##$$a Bali :$b Badan Kependudukan dan Keluarga Berencana Nasional,$c 1991 =300 ##$$a 54 hlm : $b - ; $c 20 cm$e - =650 #4$$a Keluarga Berencana =110 #$$a Badan Kependudukan dan Keluarga Berencana Nasional =520 ##$$a - =856 ##$$a Perpustakaan BKKBN Pusat